000 006710000a22001930004500
999 _c54107
_d54107
001 768714001
003 CO-MdFUSB
005 20170811094332.0
008 170811s1999 xxu||||| |||| 00| 0 eng d
022 _a0098-9444
040 _aCO-MdFUSB
_bspa
_cCO-MdFUSB
_dCO-MdFUSB
041 _aeng
100 1 _aShanks, Hershel
_eautor
245 1 0 _aRewriting Jerusalem history :
_beverything you ever knew about Jerusalem is wrong (Well, almost)
300 _aVolumen 25. Número 6 (1999), Páginas 20-29
_c28 cm.
546 _aTexto en inglés
773 0 _tBiblical Archaeology Review
_049395
_959477
_gVolumen 25. Número 6 (1999), Páginas 20-29
_qPágina 20
942 _cANA